000 00994nam a22003137a 4500
003 CHAP
005 20220329140156.0
008 971013s1979 r 00010 d
010 _a48104
011 _a49076
035 _a53224
040 _cCHAP
090 _aTesis
100 0 0 _aToledo Mancera, Adrián.
_9113619
245 _aPresupuesto base cero y su factibilidad de implantación en el sector público mexicano
260 _aMéxico, D.F. :
_bEl autor,
_c1979
300 _a109 h.
502 _aTesis (Lic. en Economía) -- UNAM. Fac. de Economía
590 _aALEPH
_b10
_c20130110
_lUCH01
_h1318
590 _aBATCH-UPD
_b10
_c20130110
_lUCH01
_h0942
590 _aBATCH-UPD
_b10
_c20130410
_lUCH01
_h0557
590 _aBATCH-UPD
_b10
_c20130913
_lUCH01
_h1943
590 _aCONVERSION
_b10
_c20130109
_lUCH01
_h1326
650 1 4 _aAdministración de empresas.
_9922
650 1 4 _aPresupuesto.
_991543
901 _aBK
942 _cTESIS
949 _bBC
_cTES
_d-118159
_eTS1
_i53224
_si
999 _c48104
_d48104